Normal view
MARC view
- Richard G.Kraus & Joseph E.Curtis
Entry Personal Name
001 - CONTROL NUMBER
- control field: 3120
003 - CONTROL NUMBER IDENTIFIER
- control field: OSt
005 - DATE AND TIME OF LATEST TRANSACTION
- control field: 20200608134732.0
008 - FIXED-LENGTH DATA ELEMENTS
- fixed length control field: 200608|| aca||aabn | a|a d
040 ## - CATALOGING SOURCE
- Original cataloging agency: OSt
- Transcribing agency: OSt
100 ## - HEADING--PERSONAL NAME
- Personal name: Richard G.Kraus & Joseph E.Curtis
670 ## - SOURCE DATA FOUND
- Source citation: Work cat.: (OSt)1165: Richard G.Kraus & Joseph E.Curtis, Creative Management In Recreation , c1990
